Advance Information 8-Bit Microcomputers / (Record no. 189380)

000 -LEADER
fixed length control field 00556 a2200157 4500
003 - CONTROL NUMBER IDENTIFIER
control field Nust
005 - DATE AND TIME OF LATEST TRANSACTION
control field 20221117124004.0
040 ## - CATALOGING SOURCE
Transcribing agency Nust
082 ## - DEWEY DECIMAL CLASSIFICATION NUMBER
Classification number 621.38,ROS
245 ## - TITLE STATEMENT
Title Advance Information 8-Bit Microcomputers /
260 ## - PUBLICATION, DISTRIBUTION, ETC.
Name of publisher, distributor, etc. Motorola
Date of publication, distribution, etc. 1987
300 ## - PHYSICAL DESCRIPTION
Extent various paging
505 ## - FORMATTED CONTENTS NOTE
Formatted contents note Introduction (Page 1-1), Functional Pin Description Memory CPU and Registers (Page 2-1). Timer (Page 3-1), Interrupt Power Saving Modes Self Check, Reset and Internal Clock Generator (Page 4-1).
650 ## - SUBJECT ADDED ENTRY--TOPICAL TERM
Topical term or geographic name entry element Advance Information
9 (RLIN) 102843
942 ## - ADDED ENTRY ELEMENTS (KOHA)
Source of classification or shelving scheme
Koha item type Book
Holdings
Withdrawn status Lost status Source of classification or shelving scheme Damaged status Not for loan Permanent Location Current Location Shelving location Date acquired Full call number Barcode Date last seen Price effective from Koha item type Public note
          Military College of Signals (MCS) Military College of Signals (MCS) General Stacks 12/12/2016 621.38,ROS MCS34975 12/08/2016 12/12/2016 Book Almirah No.30, Shelf No.5
© 2023 Central Library, National University of Sciences and Technology. All Rights Reserved.